01450nam a2200253Ia 4500952009600000952010800096952010800204999001700312008004100329020001500370050002100385100003700406245014200443260003000585300003500615504002700650505030400677519004400981519004401025519004401069650003801113650003801151942000701189 00104070a04b04d2008-06-24l0oHF5415.13 M475p04 001244r2013-05-22t1w2012-06-24yLB 00104070a04b04d2008-06-24l3oHF5415.13 M475p04 001245r2019-07-26s2019-07-26t2w2012-06-24yLB 00104070a04b04d2008-06-24l5oHF5415.13 M475p04 001246r2019-06-17s2019-06-17t3w2012-06-24yLB c62045d62045120625s2006 mx r 001 0 sp d a9709857215 4aHF5415.13 bM4751 aMercado H., Salvador e , autor 10aMercadotecnia táctica b : aplicación de la mercadotecnia a las organizaciones para lograr más utilidades c / Salvador Mercado H.  aMéxicob : Pacc , 2006 axi, 255 páginas c ; 22 cm.  aBibliografía: p. 2550 aEl mercado El consumidor y su análisis La competencia y su análisis Tácticas de mercado Tácticas de precio Tácticas de ventas y distribución Tácticas de promoción y publicidad Mezcla de mercadotecnia Mercadotecnia directa Mercadotecnia inmobiliaria Mercadotecnia deportiva  aMaterial Complementario / d(04 001244) aMaterial Complementario / d(04 001245) aMaterial Complementario / d(04 001246) 4aMERCADOTECNIA xADMINISTRACIÓN  4aPLANEACIÓN ESTRATÉGICA 91213 cLB